000 00885nam a2200253 i 4500
001 bg
245 0 0 _aAutomatyka w rolnictwie i przetwórstwie spożywczym :
_bmateriały II Ogólnopolskiej Konferencji : Mielno '98 /
_cPolitechnika Koszalińska.
260 _aKoszalin ;
_aMielno :
_bWydaw. Uczelniane PK,
_c1998.
300 _a90 s. :
_b1 fot., rys., wykr. ;
_c24 cm.
500 _aStreszcz. ang. przy rozdz.
504 _aBibliogr. przy rozdz.
650 9 _aAutomatyka
650 9 _aPrzemysł rolno-spożywczy
_xautomatyzacja
650 9 _aRolnictwo
_xautomatyzacja
655 _aMateriały konferencyjne
710 0 _aPolitechnika Koszalińska
020 _a8387424706
040 _cBPK
041 0 _apl
_ben
080 _a631.3.001.57:621.56/.59-52:629.54:004.414.23:004.45](061)
920 _a83-87424-70-6
942 _cKS
008 s pl f |000 0 pol
999 _c34405
_d34405